[Event "Sparkassen-Open A"]
[Site "Heusenstamm, Martinsee"]
[Date "2023.11.26"]
[Round "7.17"]
[White "Hebbering, Tom Elliot"]
[Black "Akhmatovski, Maxim"]
[Result "1/2-1/2"]
[WhiteElo "2232"]
[BlackElo "2070"]
[PlyCount "85"]
[EventDate "2023.??.??"]
[WhiteTeam "SK 1980 Gernsheim"]
[BlackTeam "SV Oberursel"]

1. d4 d5 2. c4 e6 3. Nf3 c6 4. e3 Bd6 5. b3 f5 6. Bd3 Nf6 7. O-O O-O 8. Ba3 Bxa3 9. Nxa3 Qe7 10. Nc2 Nbd7 11. cxd5 Nxd5 12. e4 Nf4 13. Re1 Nxd3 14. Qxd3 Qd6 15. e5 Qe7 16. Ne3 b5 17. a4 f4 18. Nf1 a6 19. axb5 cxb5 20. d5 Nc5 21. Qd1 exd5 22. b4 Na4 23. Qd4 Be6 24. N1d2 Rac8 25. Rac1 Qd8 26. Rxc8 Qxc8 27. Ng5 h6 28. Nxe6 Qxe6 29. Rc1 Nb6 30. Rc5 Nc4 31. Rxd5 Nxd2 32. Qxd2 f3 33. gxf3 Qg6+ 34. Kh1 Qb1+ 35. Kg2 Qg6+ 36. Kh1 Qh5 37. Qd3 Qxf3+ 38. Qxf3 Rxf3 39. e6 Kf8 40. Kg2 Ra3 41. Rd7 Ra4 42. Ra7 Rxb4 43. Rxa6 1/2-1/2

[Event "Sparkassen-Open A"]
[Site "Heusenstamm, Martinsee"]
[Date "2023.11.26"]
[Round "7.18"]
[White "Prill, Daniel"]
[Black "Herrmann, Jakob"]
[Result "1-0"]
[WhiteElo "2182"]
[BlackElo "2037"]
[PlyCount "71"]
[EventDate "2023.??.??"]
[WhiteTeam "SC Heitersheim"]
[BlackTeam "SAV Torgelow-Drögeheide 90"]

1. d4 Nf6 2. Nf3 g6 3. e3 Bg7 4. Be2 O-O 5. O-O d6 6. b3 Nbd7 7. Bb2 e5 8. dxe5 Ng4 9. c4 Ngxe5 10. Nc3 Rb8 11. Qd2 b6 12. Rad1 Bb7 13. Nd5 Bxd5 14. cxd5 Nxf3+ 15. Bxf3 Bxb2 16. Qxb2 Ne5 17. Be2 f5 18. Qd4 Qe7 19. Rc1 g5 20. f4 gxf4 21. exf4 Ng6 22. Bd3 Rf7 23. Rfe1 Qd7 24. a4 Rbf8 25. Re3 Rg7 26. Kh1 Qd8 27. Rce1 Qh4 28. g3 Qh5 29. Be2 Qh6 30. Bf3 Rff7 31. Re8+ Nf8 32. Kg2 a5 33. R1e3 Qh4 34. R3e6 h6 35. Be2 Kh7 36. Rxf8 1-0

[Event "Sparkassen-Open A"]
[Site "Heusenstamm, Martinsee"]
[Date "2023.11.26"]
[Round "7.19"]
[White "Wolf, Dr. Ulrich Martin"]
[Black "Burkhardt, Holger"]
[Result "1/2-1/2"]
[WhiteElo "2203"]
[BlackElo "2034"]
[PlyCount "76"]
[EventDate "2023.??.??"]
[WhiteTeam "SK Bad Homburg 1927"]
[BlackTeam "SK 1858 Gießen"]

1. d4 f5 2. Bg5 g6 3. Nc3 Bg7 4. e4 fxe4 5. Nxe4 d5 6. Ng3 c5 7. Nf3 Nc6 8. dxc5 Qa5+ 9. c3 Qxc5 10. Be3 Qd6 11. Be2 Nh6 12. h3 Nf7 13. Qd2 O-O 14. Rd1 Rd8 15. O-O e5 16. Ng5 Be6 17. Qc1 Qe7 18. Rfe1 Nxg5 19. Bxg5 Bf6 20. Bxf6 Qxf6 21. Bb5 Bf7 22. a3 a6 23. Bxc6 bxc6 24. Qe3 Rab8 25. b4 Re8 26. Qa7 Ra8 27. Qc5 a5 28. Ra1 axb4 29. cxb4 Ra4 30. Rec1 Rea8 31. Rc3 Kg7 32. Rf3 Qe6 33. Re3 Qf6 34. Rf3 Qe6 35. Re3 R4a6 36. Ne2 Qf6 37. Rf3 Qe6 38. Re3 Qf6 1/2-1/2

[Event "Sparkassen-Open A"]
[Site "Heusenstamm, Martinsee"]
[Date "2023.11.26"]
[Round "7.20"]
[White "Siegert, Gregor"]
[Black "Mährlein, Christoph"]
[Result "1-0"]
[WhiteElo "2109"]
[BlackElo "1986"]
[PlyCount "43"]
[EventDate "2023.??.??"]
[WhiteTeam "Schachforum Darmstadt 1994"]
[BlackTeam "SC Pforzheim 1906"]

1. e4 d5 2. exd5 Qxd5 3. Nc3 Qd6 4. d4 Nf6 5. Nf3 a6 6. Bc4 Bg4 7. h3 Bxf3 8. Qxf3 Nc6 9. Be3 Rd8 10. O-O-O e6 11. Bb3 Na5 12. Bf4 Qd7 13. d5 Nxb3+ 14. axb3 Nxd5 15. Nxd5 exd5 16. Qg3 f6 17. Bxc7 Rc8 18. Ba5 Qf5 19. Rd3 g6 20. Kb1 Bh6 21. Qd6 Qe5 22. Re1 1-0

[Event "Sparkassen-Open A"]
[Site "Heusenstamm, Martinsee"]
[Date "2023.11.26"]
[Round "7.21"]
[White "Schröder, Jürgen"]
[Black "Sydykov, Bayastan"]
[Result "1/2-1/2"]
[WhiteElo "2009"]
[BlackElo "2142"]
[PlyCount "65"]
[EventDate "2023.??.??"]
[WhiteTeam "SC Matt im Park Ffm"]
[BlackTeam "SK 1858 Gießen"]

1. e4 e6 2. d3 d5 3. Nd2 Nc6 4. Ngf3 Nf6 5. c3 e5 6. Be2 Bd6 7. O-O O-O 8. Re1 h6 9. Qc2 Re8 10. b4 a6 11. a3 Be6 12. Bf1 dxe4 13. dxe4 Ne7 14. c4 c6 15. c5 Bc7 16. Bc4 Qd7 17. Bb2 Ng6 18. Rad1 Rad8 19. Nf1 Qc8 20. Ne3 Bxc4 21. Nxc4 Rxd1 22. Rxd1 Qg4 23. h3 Qh5 24. Bc1 Nh4 25. Nxh4 Qxh4 26. f3 Nh5 27. Qf2 Qxf2+ 28. Kxf2 Nf6 29. Bb2 Re6 30. h4 h5 31. Bc3 Kf8 32. Ke3 Ke7 33. g3 1/2-1/2

[Event "Sparkassen-Open A"]
[Site "Heusenstamm, Martinsee"]
[Date "2023.11.26"]
[Round "7.22"]
[White "Gold, Jan Christian"]
[Black "Hoppstädter, Daniel"]
[Result "0-1"]
[WhiteElo "1934"]
[BlackElo "2186"]
[PlyCount "70"]
[EventDate "2023.??.??"]
[WhiteTeam "SK Bad Homburg 1927"]
[BlackTeam "Lasker Kirkel"]

1. d4 Nf6 2. Nf3 g6 3. g3 Bg7 4. Bg2 d5 5. O-O O-O 6. c4 c6 7. Ne5 Nbd7 8. Nc3 dxc4 9. Nxc4 Nb6 10. Ne5 Be6 11. e4 Qc8 12. a4 a5 13. Re1 Rd8 14. Be3 Ne8 15. Nf3 Nc4 16. Bc1 Bg4 17. Qc2 Bxf3 18. Bxf3 Bxd4 19. Ne2 Ne5 20. Nxd4 Rxd4 21. Be2 Qh3 22. f4 Ng4 23. Bf1 Qh5 24. h3 Ngf6 25. g4 Qh4 26. Be3 Qg3+ 27. Qg2 Qxg2+ 28. Bxg2 Rb4 29. Bc5 Rxb2 30. Reb1 Rxb1+ 31. Rxb1 e5 32. Rxb7 exf4 33. Rb6 f3 34. Bxf3 Nd7 35. Rxc6 Ne5 0-1

[Event "Sparkassen-Open A"]
[Site "Heusenstamm, Martinsee"]
[Date "2023.11.26"]
[Round "7.23"]
[White "Foerster-Yialamas, Lucas"]
[Black "Lenz, Joshua"]
[Result "1/2-1/2"]
[WhiteElo "2175"]
[BlackElo "1806"]
[PlyCount "58"]
[EventDate "2023.??.??"]
[WhiteTeam "Sabt Frankfurter TV 1860"]
[BlackTeam "SV Turm Lahnstein"]

1. e4 c5 2. Nf3 a6 3. c4 Nc6 4. Nc3 e5 5. g3 d6 6. Bg2 Be7 7. d3 f5 8. Nd5 Nf6 9. exf5 Bxf5 10. Ne3 Qd7 11. Nxf5 Qxf5 12. O-O h6 13. Nh4 Qh7 14. Qb3 O-O-O 15. Bxc6 bxc6 16. Qb6 Kd7 17. Qb7+ Ke8 18. Qxc6+ Nd7 19. Ng2 Qxd3 20. b3 Kf7 21. Qxa6 Ra8 22. Qc6 Nf6 23. Be3 Qe2 24. Rfe1 Qg4 25. f3 Qg6 26. f4 e4 27. Nh4 Qg4 28. Bf2 Rhc8 29. Qb7 Rcb8 1/2-1/2

[Event "Sparkassen-Open A"]
[Site "Heusenstamm, Martinsee"]
[Date "2023.11.26"]
[Round "7.24"]
[White "Papadopoulos, Ioannis"]
[Black "Buchholz, Maja Patricia"]
[Result "1-0"]
[WhiteElo "2142"]
[BlackElo "1923"]
[PlyCount "65"]
[EventDate "2023.??.??"]
[WhiteTeam "SV Oberursel"]
[BlackTeam "Wiesbadener SV 1885"]

1. e4 e6 2. d4 d5 3. Nd2 Be7 4. Bd3 c5 5. dxc5 Nf6 6. Qe2 a5 7. c3 Na6 8. Bb5+ Bd7 9. e5 Bxb5 10. Qxb5+ Qd7 11. Qe2 Ne4 12. Nxe4 dxe4 13. Be3 O-O 14. Nh3 Qd5 15. Bd4 Nxc5 16. Nf4 Nd3+ 17. Qxd3 exd3 18. Nxd5 exd5 19. Rd1 f6 20. Rxd3 fxe5 21. Bxe5 Bc5 22. O-O Rad8 23. Bd4 b6 24. Re1 Rd7 25. Re6 Rfd8 26. g3 Kf7 27. Rc6 Rd6 28. Rc7+ R6d7 29. Bxc5 Rxc7 30. Bxb6 Rcd7 31. Bxd8 Rxd8 32. Rd4 Ke6 33. c4 1-0

[Event "Sparkassen-Open A"]
[Site "Heusenstamm, Martinsee"]
[Date "2023.11.26"]
[Round "7.26"]
[White "Eilers, Stefan"]
[Black "Krychevskiy, Dmytro"]
[Result "1-0"]
[WhiteElo "2300"]
[BlackElo "1888"]
[PlyCount "115"]
[EventDate "2023.??.??"]
[WhiteTeam "SAbt SG 1945 Dietzenbach"]
[BlackTeam "SV Oberursel"]

1. d4 d5 2. Nc3 a6 3. Bf4 Nf6 4. e3 e6 5. a3 Bd6 6. Nf3 Nbd7 7. Bd3 Qe7 8. Ne5 c5 9. g4 h6 10. h4 b6 11. Qf3 Bb7 12. Nxd7 Nxd7 13. O-O-O Bxf4 14. Qxf4 O-O-O 15. Qg3 cxd4 16. exd4 Nb8 17. Rhe1 Qc7 18. Qxc7+ Kxc7 19. f4 Nc6 20. Be2 Rhe8 21. Bf3 Ne7 22. h5 Bc8 23. Re3 Bd7 24. Rde1 Nc8 25. b3 Nd6 26. Be2 Bc8 27. Bd3 Kc6 28. Ne2 Kc7 29. Ng1 Kc6 30. Nf3 f6 31. c4 dxc4 32. bxc4 b5 33. c5 Nc4 34. Bxc4 bxc4 35. Kc2 Kd5 36. Kc3 a5 37. f5 Bd7 38. fxe6 Rxe6 39. Nd2 Rxe3+ 40. Rxe3 Bxg4 41. Nxc4 a4 42. Re7 Kc6 43. Rxg7 Bxh5 44. Rh7 Bd1 45. Rf7 h5 46. Rxf6+ Kc7 47. Rh6 Rg8 48. d5 Rg3+ 49. Kb4 Rg4 50. Rh7+ Kd8 51. Kc3 Rg3+ 52. Kd2 Bb3 53. Nb6 Rg5 54. Rd7+ Ke8 55. c6 Rg2+ 56. Ke3 Rc2 57. c7 Bxd5 58. Rd8+ 1-0

[Event "Sparkassen-Open A"]
[Site "Heusenstamm, Martinsee"]
[Date "2023.11.26"]
[Round "7.27"]
[White "Euler, Gerd"]
[Black "Küpper, Martin"]
[Result "0-1"]
[WhiteElo "2236"]
[BlackElo "1941"]
[PlyCount "74"]
[EventDate "2023.??.??"]
[WhiteTeam "SSG Hungen-Lich"]
[BlackTeam "SC Fulda"]

1. e4 g6 2. d4 Bg7 3. Nc3 a6 4. a4 b6 5. h4 h6 6. h5 g5 7. f4 gxf4 8. Bxf4 d6 9. Bc4 e6 10. Qd2 Bb7 11. Nge2 Nd7 12. O-O Ngf6 13. Ng3 Ng4 14. Rf3 Qh4 15. Nge2 Qxh5 16. Raf1 O-O-O 17. Qd3 Nde5 18. dxe5 dxe5 19. Rh3 Qg6 20. Qg3 exf4 21. Nxf4 Bd4+ 22. Kh1 Qg8 23. Qe1 Kb8 24. Qe2 a5 25. Nb5 Bc5 26. Rh5 Ne3 27. Rxc5 Nxf1 28. Qxf1 bxc5 29. Nd3 Bxe4 30. Qf2 Qg5 31. Nxc5 Bxg2+ 32. Qxg2 Qxc5 33. Be2 Rhg8 34. Qf1 Qb4 35. Qf2 Qe4+ 36. Bf3 Rd1+ 37. Kh2 Qf4+ 0-1

[Event "Sparkassen-Open A"]
[Site "Heusenstamm, Martinsee"]
[Date "2023.11.26"]
[Round "7.28"]
[White "Calvi, Stefan"]
[Black "Seidel, Andre"]
[Result "1/2-1/2"]
[WhiteElo "1925"]
[BlackElo "2181"]
[PlyCount "119"]
[EventDate "2023.??.??"]
[WhiteTeam "SV Oberursel"]
[BlackTeam "SV Oberursel"]

1. e4 c5 2. c3 Nf6 3. e5 Nd5 4. d4 cxd4 5. Nf3 Nc6 6. Bc4 Nb6 7. Bb3 d5 8. exd6 Qxd6 9. cxd4 Be6 10. Nc3 Bxb3 11. Qxb3 e6 12. Be3 Qb4 13. Qxb4 Bxb4 14. Ke2 O-O 15. Rac1 Rac8 16. Ne5 Bxc3 17. Rxc3 Nd5 18. Rcc1 Nce7 19. a3 Rfd8 20. g4 f6 21. Nd3 b6 22. h4 Kf7 23. h5 Rxc1 24. Rxc1 Rc8 25. Rxc8 Nxc8 26. Bd2 Nd6 27. a4 Nb7 28. Nb4 Nd8 29. Kd3 Ke8 30. Nxd5 exd5 31. b3 Kd7 32. Bb4 Ke6 33. Bf8 g6 34. hxg6 hxg6 35. Bb4 Nc6 36. Bd2 a6 37. f3 Nd8 38. Bf4 b5 39. axb5 axb5 40. Bd2 Nc6 41. Be1 f5 42. gxf5+ Kxf5 43. Bd2 Ke6 44. Kc3 Kf5 45. Kd3 g5 46. Kc3 Kg6 47. Kd3 Kf5 48. Kc3 g4 49. fxg4+ Kxg4 50. Kd3 Kf3 51. Be1 Nd8 52. Ba5 Ne6 53. Bb6 Nf4+ 54. Kc3 Ne2+ 55. Kb4 Nc1 56. Kc5 Nxb3+ 57. Kxd5 Ke3 58. Kc6 Nxd4+ 59. Bxd4+ Kxd4 60. Kxb5 1/2-1/2

[Event "Sparkassen-Open A"]
[Site "Heusenstamm, Martinsee"]
[Date "2023.11.26"]
[Round "7.29"]
[White "Hank, Holger"]
[Black "Henrich, Thomas"]
[Result "1-0"]
[WhiteElo "1951"]
[BlackElo "2132"]
[PlyCount "103"]
[EventDate "2023.??.??"]
[WhiteTeam "Brühler SK 1920 e. V."]
[BlackTeam "SK Marburg 1931/72"]

1. c4 e5 2. g3 Nc6 3. Bg2 f5 4. Nc3 Nf6 5. e3 d6 6. Nge2 Be6 7. Nd5 Bxd5 8. cxd5 Ne7 9. Qb3 Rb8 10. d3 Qd7 11. O-O g6 12. e4 Bg7 13. Be3 Nc8 14. h3 O-O 15. Rac1 Nb6 16. Kh2 Kh8 17. f4 Bh6 18. Qc3 Rf7 19. b3 Re8 20. fxe5 Bxe3 21. e6 Rxe6 22. dxe6 Qxe6 23. Rce1 fxe4 24. dxe4 Bh6 25. Nf4 Bxf4 26. gxf4 Kg8 27. Qd2 Nbd7 28. Rf2 c6 29. b4 Re7 30. Qd4 Nh5 31. Rd1 Ndf6 32. Qxd6 Qxd6 33. Rxd6 Nxe4 34. Rd8+ Kf7 35. Re2 Nc3 36. Rxe7+ Kxe7 37. Rb8 Nxa2 38. Rxb7+ Kd6 39. f5 gxf5 40. Rxh7 Nf6 41. Rxa7 Nxb4 42. Rb7 c5 43. Rb6+ Ke5 44. Kg3 Nd3 45. Rc6 f4+ 46. Kf3 Nd5 47. Bf1 N5b4 48. Rc8 Kd4 49. Bxd3 Nxd3 50. h4 c4 51. h5 Nc5 52. Rxc5 1-0

[Event "Sparkassen-Open A"]
[Site "Heusenstamm, Martinsee"]
[Date "2023.11.26"]
[Round "7.30"]
[White "Wiley, Tom E"]
[Black "Wuerl, Roland"]
[Result "0-1"]
[WhiteElo "2152"]
[BlackElo "1974"]
[PlyCount "48"]
[EventDate "2023.??.??"]
[WhiteTeam "Kraainem Belgium"]
[BlackTeam "SC FK Babenhausen 1994"]

1. d4 Nf6 2. c4 g6 3. Nc3 d5 4. Bf4 Bg7 5. e3 O-O 6. Rc1 c5 7. dxc5 Be6 8. Nf3 Nc6 9. Ng5 Bg4 10. f3 e5 11. fxg4 exf4 12. cxd5 Ne5 13. exf4 Nexg4 14. g3 Qe7+ 15. Be2 Qe3 16. Nh3 Rfe8 17. Qd2 Qxc5 18. Nd1 Qb6 19. Nhf2 Nxf2 20. Nxf2 Rad8 21. Nd3 Rxd5 22. Kf1 Ne4 23. Qc2 Qe3 24. Rg1 Nd2+ 0-1

[Event "Sparkassen-Open A"]
[Site "Heusenstamm, Martinsee"]
[Date "2023.11.26"]
[Round "7.31"]
[White "Lutze, Max"]
[Black "von Auer, Ulrich"]
[Result "1/2-1/2"]
[WhiteElo "2076"]
[BlackElo "1937"]
[PlyCount "106"]
[EventDate "2023.??.??"]
[WhiteTeam "Märkischer Springer Halver-Schal"]
[BlackTeam "SV Oberursel"]

1. e4 e6 2. d3 d5 3. Nd2 Nf6 4. Ngf3 b6 5. e5 Nfd7 6. g3 c5 7. Bg2 Nc6 8. O-O Ndxe5 9. Nxe5 Nxe5 10. c4 Bb7 11. Qe2 Ng6 12. h4 Qd7 13. h5 Ne7 14. h6 gxh6 15. cxd5 Bxd5 16. Ne4 O-O-O 17. Nf6 Qc6 18. Nxd5 Nxd5 19. b4 Kb7 20. Bb2 Rg8 21. Rfc1 Qd7 22. bxc5 Bxc5 23. a4 Rxg3 24. Be5 Rxg2+ 25. Kxg2 Bd6 26. Kf1 Bxe5 27. Qxe5 f6 28. Qe4 Kb8 29. a5 Rc8 30. Rxc8+ Kxc8 31. axb6 axb6 32. Qg4 Ne7 33. Qe4 Qd5 34. Ra8+ Kd7 35. Ra7+ Kd6 36. Qf4+ Qe5 37. Qxh6 Qg5 38. Qh2+ e5 39. Qxh7 Qc1+ 40. Kg2 Qg5+ 41. Kh3 f5 42. Qh4 Qxh4+ 43. Kxh4 e4 44. dxe4 fxe4 45. Kg4 Nd5 46. Ra3 Ke5 47. Kg3 b5 48. Ra7 b4 49. Rb7 Kd4 50. Kg4 Kc3 51. Kf5 e3 52. fxe3 Nxe3+ 53. Ke4 Nc4 1/2-1/2

[Event "Sparkassen-Open A"]
[Site "Heusenstamm, Martinsee"]
[Date "2023.11.26"]
[Round "7.32"]
[White "Capelja, Christian"]
[Black "Diehm, Alexander"]
[Result "1/2-1/2"]
[WhiteElo "2007"]
[BlackElo "1969"]
[PlyCount "20"]
[EventDate "2023.??.??"]
[WhiteTeam "SpVgg Rommelshausen"]
[BlackTeam "SC FK Babenhausen 1994"]

1. d4 f5 2. g3 Nf6 3. Bg2 d5 4. Nf3 e6 5. O-O Bd6 6. Nbd2 Nbd7 7. c4 c6 8. b3 Ne4 9. Bb2 Ndf6 10. Ne1 O-O 1/2-1/2

[Event "Sparkassen-Open A"]
[Site "Heusenstamm, Martinsee"]
[Date "2023.11.26"]
[Round "7.33"]
[White "Bardorz, Jana"]
[Black "Wortmann, Klaus-Peter"]
[Result "1/2-1/2"]
[WhiteElo "2050"]
[BlackElo "1969"]
[PlyCount "51"]
[EventDate "2023.??.??"]
[WhiteTeam "TSV 1869 e. V. Rottendorf"]
[BlackTeam "Märkischer Springer Halver-Schal"]

1. e4 c5 2. Nf3 a6 3. c3 d5 4. exd5 Qxd5 5. d4 e6 6. Be3 Nd7 7. Bd3 Ngf6 8. O-O Be7 9. a4 b6 10. Re1 Bb7 11. Bf1 O-O 12. h3 Rfd8 13. Bf4 Qc6 14. Nbd2 Nd5 15. Bh2 Bd6 16. Bxd6 Qxd6 17. Nc4 Qc7 18. Bd3 Nf4 19. Bf1 cxd4 20. cxd4 Bd5 21. Rc1 Qb7 22. Nd6 Qb8 23. Ne4 Qb7 24. Nd6 Qb8 25. Ne4 Qb7 26. Nd6 1/2-1/2

[Event "Sparkassen-Open A"]
[Site "Heusenstamm, Martinsee"]
[Date "2023.11.26"]
[Round "7.34"]
[White "Blaschke, Henri Johannes"]
[Black "McAdam, Mark"]
[Result "1-0"]
[WhiteElo "1866"]
[BlackElo "2037"]
[PlyCount "69"]
[EventDate "2023.??.??"]
[WhiteTeam "SK Vellmar 1950"]
[BlackTeam "SC Brett vorm Kopp Ffm"]

1. e4 c6 2. d4 d5 3. Nd2 dxe4 4. Nxe4 Bf5 5. Qf3 e6 6. c3 Nd7 7. Bd3 Be7 8. Ne2 Bxe4 9. Bxe4 Ngf6 10. Bc2 O-O 11. Bg5 Qa5 12. h4 b5 13. Qxc6 Rfc8 14. Qf3 b4 15. O-O e5 16. Rfd1 bxc3 17. bxc3 Rab8 18. Bf5 Rd8 19. Bxd7 Rb2 20. Bf5 h6 21. Bxf6 Bxf6 22. dxe5 Qxe5 23. Rxd8+ Bxd8 24. Rd1 Bxh4 25. g3 Bf6 26. Nd4 g6 27. Bc2 Rxa2 28. Bb3 Rb2 29. Qa8+ Kg7 30. Qxa7 Be7 31. Bc4 Qf6 32. Rf1 Bd8 33. Ne6+ Kh8 34. Nxd8 Qxd8 35. Qxf7 1-0

[Event "Sparkassen-Open A"]
[Site "Heusenstamm, Martinsee"]
[Date "2023.11.26"]
[Round "7.35"]
[White "Rosenberger, Frank"]
[Black "Rutsatz, Mario"]
[Result "1/2-1/2"]
[WhiteElo "2050"]
[BlackElo "1922"]
[PlyCount "89"]
[EventDate "2023.??.??"]
[WhiteTeam "SK 1980 Gernsheim"]
[BlackTeam "SC 1961 König Nied"]

1. e4 e6 2. d4 d5 3. Nc3 Bb4 4. exd5 exd5 5. Bd3 Ne7 6. Qh5 Nbc6 7. a3 Bxc3+ 8. bxc3 Be6 9. Rb1 b6 10. Nf3 Qd7 11. Ng5 g6 12. Qf3 Bf5 13. g4 Be6 14. Nxe6 Qxe6+ 15. Be3 h5 16. g5 O-O-O 17. Kd2 Nf5 18. Bf4 Rhe8 19. Rhe1 Qd7 20. a4 Rxe1 21. Rxe1 Na5 22. Bb5 c6 23. Ba6+ Nb7 24. Qe2 Nfd6 25. Bxd6 Qxd6 26. Qe7 Qf4+ 27. Kd1 Qg4+ 28. Kc1 Qd7 29. Qe5 c5 30. a5 Qc6 31. Qf6 Qxf6 32. gxf6 Kb8 33. Bxb7 Kxb7 34. Re7+ Ka6 35. axb6 axb6 36. Rxf7 Rd6 37. Kd2 Re6 38. f3 cxd4 39. cxd4 Kb5 40. Rf8 h4 41. h3 g5 42. c3 Rd6 43. Ke2 Rc6 44. Kd3 Rd6 45. Kd2 1/2-1/2

[Event "Sparkassen-Open A"]
[Site "Heusenstamm, Martinsee"]
[Date "2023.11.26"]
[Round "7.36"]
[White "Wachsmann, Elmar"]
[Black "Kutzner, Stephen"]
[Result "1-0"]
[WhiteElo "1908"]
[BlackElo "2039"]
[PlyCount "55"]
[EventDate "2023.??.??"]
[WhiteTeam "SC Groß-Umstadt"]
[BlackTeam "Godesberger SK 1929 e. V"]

1. d4 Nf6 2. c4 g6 3. Nc3 d5 4. Nf3 Bg7 5. Bg5 Ne4 6. Bf4 Nxc3 7. bxc3 O-O 8. e3 c5 9. cxd5 cxd4 10. cxd4 Qxd5 11. Be2 Nc6 12. O-O Rd8 13. Qa4 Bd7 14. Qc2 Rac8 15. Qb2 Bf5 16. Rac1 h6 17. Rc5 Qd7 18. Rfc1 g5 19. Bg3 Bg6 20. Qb5 g4 21. Ne5 Bxe5 22. Bxe5 Ra8 23. Bf4 a6 24. Qb2 h5 25. d5 Na7 26. Bh6 f6 27. Rc7 Qd6 28. Bf4 1-0

[Event "Sparkassen-Open A"]
[Site "Heusenstamm, Martinsee"]
[Date "2023.11.26"]
[Round "7.37"]
[White "Nickel, Jonas"]
[Black "Harringer, Manfred"]
[Result "0-1"]
[WhiteElo "1810"]
[BlackElo "2031"]
[PlyCount "72"]
[EventDate "2023.??.??"]
[WhiteTeam "Schachdrachen Büdingen-Wächtersb"]
[BlackTeam "Bergische SF 1923 Ber"]

1. e4 e5 2. Nf3 Nc6 3. Bc4 Nf6 4. Ng5 d5 5. exd5 Na5 6. Bb5+ c6 7. dxc6 bxc6 8. Bd3 Nd5 9. Nf3 Bd6 10. O-O O-O 11. Re1 Qc7 12. c4 Nf4 13. Bf1 Bg4 14. h3 Bh5 15. g4 Bg6 16. b4 Bxb4 17. Nxe5 Rad8 18. Qf3 Ne6 19. Bb2 Bc5 20. d3 Nd4 21. Qf4 Rfe8 22. Nxg6 Qb6 23. Nc3 Qxb2 24. Na4 Qa3 25. Ne5 Rxe5 26. Rxe5 Qxa4 27. Rxc5 Ne6 28. Rxa5 Qxa5 29. Qe4 c5 30. Qe5 h6 31. Rb1 Qxa2 32. Ra1 Qd2 33. Rxa7 Rf8 34. Qe3 Qb2 35. Bg2 Qb1+ 36. Kh2 Qb8+ 0-1

[Event "Sparkassen-Open A"]
[Site "Heusenstamm, Martinsee"]
[Date "2023.11.26"]
[Round "7.38"]
[White "Burkhardt, Jan"]
[Black "Wenzel, Calvin"]
[Result "0-1"]
[WhiteElo "1688"]
[BlackElo "1993"]
[PlyCount "70"]
[EventDate "2023.??.??"]
[WhiteTeam "Sfr.Mainz 1928"]
[BlackTeam "SK 1980 Gernsheim"]

1. e4 e5 2. Nf3 Nc6 3. Bc4 Nf6 4. Ng5 d5 5. exd5 Na5 6. Bb5+ c6 7. dxc6 bxc6 8. Qf3 Be7 9. Nc3 O-O 10. Bd3 h6 11. Nge4 Nd5 12. Ng3 g6 13. Be4 Be6 14. d3 Kg7 15. h4 f5 16. Bxd5 cxd5 17. Bd2 d4 18. Nd1 Bd5 19. Qe2 Nc6 20. c4 Bxg2 21. Rg1 Bh3 22. Qf3 Nb4 23. Rc1 Bg4 24. Nh5+ Kh7 25. Rxg4 fxg4 26. Qe4 Rf3 27. Bxb4 Bxb4+ 28. Ke2 Rf7 29. a3 Be7 30. b4 a5 31. c5 axb4 32. c6 Qc7 33. Nb2 Bxh4 34. Rf1 Ra6 35. Nc4 Qxc6 0-1

[Event "Sparkassen-Open A"]
[Site "Heusenstamm, Martinsee"]
[Date "2023.11.26"]
[Round "7.39"]
[White "Junker, Christian"]
[Black "Bender, Tim"]
[Result "1-0"]
[WhiteElo "2023"]
[BlackElo "1669"]
[PlyCount "121"]
[EventDate "2023.??.??"]
[WhiteTeam "SV 1926 Neu-Isenburg"]
[BlackTeam "SC Hennweiler"]

1. Nf3 Nf6 2. g3 g6 3. d3 Bg7 4. e4 d6 5. Bg2 c5 6. O-O Nc6 7. Re1 O-O 8. a4 Rb8 9. c3 Qb6 10. Nbd2 a6 11. Nc4 Qc7 12. a5 Be6 13. Nfd2 d5 14. exd5 Bxd5 15. Bxd5 Nxd5 16. Qb3 e6 17. f4 Rbd8 18. Ne4 e5 19. Nxc5 exf4 20. Qxb7 fxg3 21. Qxc7 Nxc7 22. hxg3 Rd5 23. Be3 Re8 24. Bf2 Ne5 25. Nxe5 Rdxe5 26. Rxe5 Rxe5 27. Bd4 Re2 28. Bxg7 Kxg7 29. Rb1 Rc2 30. c4 Kf6 31. Rf1+ Ke7 32. Rf2 Rc1+ 33. Kg2 f5 34. Nb3 Re1 35. Rd2 Kd6 36. Kf2 Rh1 37. d4 Ne6 38. d5 Rh2+ 39. Ke3 Rxd2 40. Nxd2 Ng5 41. b4 Nf7 42. Kd4 g5 43. c5+ Kc7 44. Nf1 h5 45. Ne3 f4 46. gxf4 gxf4 47. Nf1 Ng5 48. Ke5 f3 49. Ne3 f2 50. Kf4 Nf7 51. Nf1 h4 52. Kf5 Nh6+ 53. Kg5 Ng8 54. d6+ Kd7 55. Kg6 Ke6 56. b5 Nf6 57. bxa6 Ne4 58. a7 Ng3 59. Nh2 h3 60. a8=Q f1=Q 61. Nxf1 1-0

[Event "Sparkassen-Open A"]
[Site "Heusenstamm, Martinsee"]
[Date "2023.11.26"]
[Round "7.40"]
[White "Merz, Leander"]
[Black "Waffenschmidt, Joachim"]
[Result "1/2-1/2"]
[WhiteElo "1743"]
[BlackElo "2001"]
[PlyCount "75"]
[EventDate "2023.??.??"]
[WhiteTeam "Schachforum Darmstadt 1994"]
[BlackTeam "SV 1920 Hofheim"]

1. e4 c5 2. Nc3 Nc6 3. Bb5 Nd4 4. Nf3 g6 5. Bc4 Bg7 6. Nxd4 Bxd4 7. Qf3 e6 8. O-O Ne7 9. Qg3 a6 10. Ne2 Bg7 11. d3 d5 12. Bb3 b5 13. c3 Bb7 14. Bc2 O-O 15. Qh3 Re8 16. Bh6 Bh8 17. Ng3 d4 18. Bb3 dxc3 19. bxc3 Qxd3 20. Bxe6 Bc8 21. Bxc8 Raxc8 22. Rad1 Qxc3 23. Rd7 Nc6 24. Rc1 Qe5 25. Rd5 Qe6 26. Qxe6 Rxe6 27. Rdxc5 Bd4 28. R5c2 Bg7 29. Bxg7 Kxg7 30. f3 Kf6 31. Ne2 Ke7 32. Nf4 Rd6 33. e5 Rd4 34. Ne2 Rc4 35. Rxc4 bxc4 36. Rxc4 Kd7 37. f4 Rb8 38. Kf2 1/2-1/2

[Event "Sparkassen-Open A"]
[Site "Heusenstamm, Martinsee"]
[Date "2023.11.26"]
[Round "7.41"]
[White "Mayer, Frank"]
[Black "Stephanblome, Felix"]
[Result "1-0"]
[WhiteElo "2006"]
[BlackElo "1683"]
[PlyCount "41"]
[EventDate "2023.??.??"]
[WhiteTeam "Wiesbadener SV 1885"]
[BlackTeam "SV 1934 Ffm-Griesheim"]

1. e4 e5 2. Nc3 Nc6 3. Nf3 Nf6 4. d4 exd4 5. Nxd4 Bb4 6. Nxc6 Bxc3+ 7. bxc3 bxc6 8. Bd3 d6 9. h3 Bb7 10. O-O h6 11. Rb1 Rb8 12. e5 Nd5 13. Qg4 g5 14. c4 Ne7 15. e6 fxe6 16. Qxe6 Qd7 17. Qf6 Rf8 18. Qxh6 c5 19. Bxg5 Qc6 20. f3 Kd7 21. Bxe7 1-0

[Event "Sparkassen-Open A"]
[Site "Heusenstamm, Martinsee"]
[Date "2023.11.26"]
[Round "7.42"]
[White "Barsov, Vladislav"]
[Black "Baranyai-Molnar, Adam-Kristof"]
[Result "0-1"]
[WhiteElo "1680"]
[BlackElo "1948"]
[PlyCount "68"]
[EventDate "2023.??.??"]
[WhiteTeam "SK Gräfelfing"]
[BlackTeam "SF Neuberg"]

1. c4 f5 2. g3 e5 3. Bg2 Nf6 4. Nc3 Bb4 5. e3 Bxc3 6. bxc3 O-O 7. Ne2 Nc6 8. O-O e4 9. Nd4 d6 10. Rb1 Ne5 11. Ba3 c5 12. Ne2 Nxc4 13. Qb3 d5 14. Bxc5 Nxd2 15. Qc2 Nxf1 16. Bxf8 Nxg3 17. hxg3 Qxf8 18. Nf4 Qc5 19. Qb3 b6 20. Bf1 g5 21. Ne2 Bd7 22. Nd4 f4 23. c4 fxg3 24. cxd5 gxf2+ 25. Kxf2 Qd6 26. Rb2 Ng4+ 27. Ke2 Rf8 28. Bg2 Qg3 29. Bxe4 Rf2+ 30. Kd3 Ne5+ 31. Kc3 Qxe3+ 32. Kb4 Qxd4+ 33. Ka3 Rxb2 34. Qxb2 Qa4# 0-1

[Event "Sparkassen-Open A"]
[Site "Heusenstamm, Martinsee"]
[Date "2023.11.26"]
[Round "7.43"]
[White "Wahlund, Max"]
[Black "Hinz, André"]
[Result "0-1"]
[WhiteElo "2079"]
[BlackElo "1690"]
[PlyCount "62"]
[EventDate "2023.??.??"]
[WhiteTeam "Europchess Brussels"]
[BlackTeam "SC Brett vorm Kopp Ffm"]

1. e4 e5 2. f4 exf4 3. Nc3 d6 4. Nf3 Nf6 5. d4 Nh5 6. Bc4 Be6 7. Qe2 g6 8. O-O Be7 9. Bd2 O-O 10. Rae1 Nd7 11. Nd5 Nb6 12. Nxe7+ Qxe7 13. Bb3 Bxb3 14. axb3 Rfe8 15. Qb5 h6 16. Qd3 Nd7 17. e5 dxe5 18. Nxe5 Nxe5 19. Rxe5 Qd6 20. Rfe1 Rxe5 21. Rxe5 Rd8 22. Kf1 Qxe5 23. dxe5 Rxd3 24. cxd3 g5 25. Ke2 Ng7 26. Kf3 Ne6 27. b4 a6 28. Ke4 c6 29. Kf5 Kg7 30. Bc3 Kf8 31. Kf6 Nc7 0-1